000 00868nas a2200277 4500
001 BR2012003926
003 BR-BrBNA
005 20231205120642.0
007 ta
008 230509b bl.|||p| |||| 00| 00por d
040 _aBR-BrBNA
_bpor
_cBiblioteca Nacional de Agricultura
041 _a(Pt)
072 _aP33
100 1 _aPereira, M.G.
100 1 _aMenezes, L.F.T. de
100 1 _aSilveira Filho, T.B.
100 1 _aSilva, A.N. da
245 1 _aPropriedades químicas de solos sob Neoregelia cruenta (R. Grah)L.B. Smith na restinga da Marambaia, RJ
650 _aFLORESTA
650 _aBROMÉLIA
650 _aPROPRIEDADE FÍSICO-QUÍMICA
650 _aFERTILIDADE DO SOLO
773 0 _tFloresta e Ambiente (Brazil)
_xISSN 1415-0980
_g(2005), v. 12(1) p. 70-73
_wBR2012003926
909 _a202311
_bLúcia
_c55
_dLúcia Elande
942 _2AGRIS
_n0
_cANA
999 _c219580
_d219580